TV Show by Pizza Scene Quiz Stats

 Plays Quiz Updated Mar 24, 2016

Challenge
Share
Tweet
Score 0/25 Timer 07:00
4 Plays Today
% Correct
Ellen
98.1%
The Simpsons
97.7%
Friends
97.2%
Scooby-Doo, Where Are You!
96.6%
SpongeBob SquarePants
96.1%
Teenage Mutant Ninja Turtles
96%
South Park
95.2%
The Big Bang Theory
94.8%
Family Guy
94.6%
The Office
94.3%
Seinfeld
89.9%
Futurama
87.7%
King of the Hill
84.1%
% Correct
How I Met Your Mother
83.2%
Survivor
82.2%
30 Rock
80.7%
Sex and the City
78.6%
The Daily Show with Jon Stewart
73.5%
Mork and Mindy
70.4%
Community
64.4%
Daria
57.9%
Law & Order
56.5%
Hogan's Heroes
49.8%
Breaking Bad
49.4%
Grey's Anatomy
48.6%

You're not logged in!

Compare scores with friends on all Sporcle quizzes.
OR
Log In

You Might Also Like...

Show Comments

Extras

Top Quizzes Today


Score Distribution

Your Account Isn't Verified!

In order to create a playlist on Sporcle, you need to verify the email address you used during registration. Go to your Sporcle Settings to finish the process.

Report this User

Report this user for behavior that violates our Community Guidelines.

Details: